Statistics for General Knowledge Quiz #71

Click here to take the quiz!

General Stats

  • This quiz has been taken 91,467 times
    (62,682 since last reset)
  • The average score is 13 of 20

Answer Stats

QuestionAnswer% Correct
What was the language of the Roman Empire?Latin
95%
What disease killed approximately 40% of Europe's population between 1346–1353?Black Death
90%
What part of the body is referred to by the prefix "gastro"?Stomach
86%
Who killed Abel?Cain
81%
What was the unflattering nickname of Queen Mary I of England?{Bloody} Mary
80%
What musical starred John Travolta and Olivia Newton-John?Grease
78%
What is the largest type of venomous snake?King cobra
74%
Who says "Bah, humbug"?Ebenezer Scrooge
73%
Who was Jennifer Aniston's first husband?Brad Pitt
71%
What country is Andalusia a part of?Spain
65%
Harlem is a neighborhood of New York City. In what country would you find the city of
Haarlem after which it is named?
Netherlands
63%
Besides champagne, what's in a mimosa?Orange Juice
63%
What name is missing from this group: Jackie, Tito, Jermaine, and Marlon?Michael
58%
What is known as "The Scottish Play"?Macbeth
57%
In the equation E = mc² what does c represent?Speed of light
55%
What Irish airline made headlines in 2010 when it proposed charging passengers
to use the bathroom?
Ryanair
54%
What was the nickname of Manfred von Richthofen, the top fighter ace in World War One?The Red Baron
51%
Who was the commander of the Confederate Army of Northern Virginia?Robert E. Lee
47%
What band performed "Sympathy for the Devil"?The Rolling Stones
43%
What three letters complete this sequence: MVEMJ?SUN
25%

Score Distribution

Percentile by Number Answered

Percent of People with Each Score

Your Score History

You have not taken this quiz since the last reset